000 00465nam a2200169 i 4500
001 bg
100 1 _aDevjatyh, Grigorij Grigo~7revič.
245 1 0 _aOtrzymywanie substancji o czystości szczególnej /
_cG.G. Dewjatych, Ju.E. Elliew.
260 _aWarszawa :
_bWNT,
_c1977.
650 9 _aChemia fizyczna
700 1 _aElliev, JUrij Efremovič.
040 _cBPK
041 _apol
080 _a544
942 _cKS
008 s pl f |000 0 pol
999 _c17372
_d17372
856 _uhttp://koha.tu.koszalin.pl/cgi-bin/koha/opac-detail.pl?biblionumber=17372
_yKatalog online BPK